• 首页
  • 本馆介绍
  • 公告通知
  • 最新文献
  • 馆藏检索
  • 电子资源
  • 读者导购
  • 参考咨询
  • 我的图书馆
  • 登录
  • 详细信息显示
  • 放入我的书架
  • 预约/预借图书
  • 作者相关作品
  • 分类相关作品
  • 丛书相关作品
  • 出版社相关作品

书目信息

  • 表格格式
  • 工作单格式
  • 卡片格式
题名:
中国近代期刊篇目汇录
    
 
作者: 上海图书馆 编
分册: 第三卷  
出版信息: 上海   上海人民出版社  1984.3
页数: 2447页
开本: 26cm
丛书名:
单 册:
中图分类: Z87
科图分类:
主题词:
电子资源:
ISBN:
000 00539nam0 2200181 45
001 0181015668
005 20061127145734.68
010    @b精装@dCNY10.50
100    @a20810111d km y0chiy0120 ea
101 0  @achi
105    @a z 000yy
200 1  @Azhong guo jin dai qi kan pian mu hui lu@Fshang hai tu shu guan@a中国近代期刊篇目汇录@h第三卷@h下册@f上海图书馆编
210    @a上海@c上海人民出版社@d1984.3
215    @a2447页@d26cm
690    @aZ87
701 0  @a上海图书馆@4编
801    @aCN@bTSTC@c20061127
905    @dZ87@e47:6@f1@b203196
    
    中国近代期刊篇目汇录.第三卷.下册/上海图书馆编.-上海:上海人民出版社,1984.3
    2447页;26cm
    
    
    ISBN (精装):CNY10.50
    
●
相关链接 在E读中查询图书 在五车中查询图书 在当当中查询图书 在豆瓣中查询图书


正题名:中国近代期刊篇目汇录     索取号:Z87/47:6         预约/预借

序号 登录号 条形码 馆藏地/架位号 状态 备注
1 0203196   202125388   第二样本阅览室/ [索取号:Z87/47:6] 在馆    
唐山师范学院图书馆 欢迎您!
大连网信软件有限公司© 版权所有